10 bí quyết thành công của Bill Gates

Guardat en:
Dades bibliogràfiques
Autor principal: Des Dearlove
Format: Llibre
Idioma:Undetermined
Publicat: Tp. Hồ Chí Minh Trẻ 2004
Etiquetes: Afegir etiqueta
Sense etiquetes, Sigues el primer a etiquetar aquest registre!
Thư viện lưu trữ: Trung tâm Học liệu Trường Đại học Cần Thơ
LEADER 00426nam a2200157Ia 4500
001 CTU_64508
008 210402s9999 xx 000 0 und d
020 |c 20000 
082 |a 658.47 
082 |b D285 
100 |a Des Dearlove 
245 0 |a 10 bí quyết thành công của Bill Gates 
260 |a Tp. Hồ Chí Minh 
260 |b Trẻ 
260 |c 2004 
980 |a Trung tâm Học liệu Trường Đại học Cần Thơ